00741cam a22002057a 4500003000500000005001700005008004100022010001000063011001000073035001000083040000900093100002900102245016200131260005300293300002200346502010100368650002600469650002500495650001500520CHAP20220329142441.0010301d2000 mx r 00110 spa d a83685 a84657 a95182 cCHAP00aCano Ascencio, Héctor.10aEvaluación agronómica de dos variedades de anturios (Anthurium andreanum Lind) en diferentes sustratos regionales de Tabascoc/por Héctor Cano Ascencio aSan José Puyacatengo, Tab. :bEl autor,c2000. a73 h. :bgráfs. aTesis (Ing. Agr. Esp. en Zonas Aridas) -- UACH. Dirección de Centros Regionales Universitarios14aAnturioxRendimiento.14aAnturioxVariedades.14aSustratos.